| 000 | 00498pab a2200193 454500 | ||
|---|---|---|---|
| 008 | 180718b2014 xxu||||| |||| 00| 0 eng d | ||
| 100 | _aAshraf, Nava | ||
| 245 | _aHousehold bargaining and excess fertility : An experimental study in Zambia | ||
| 260 | _c2014 | ||
| 300 | _ap.2210-2237. | ||
| 362 | _aJul | ||
| 650 | _aFertility - Zambia | ||
| 650 | _aFertility | ||
| 700 | _aLee, Jean | ||
| 700 | _aField, Erica | ||
| 773 | _aAmerican Economic Review | ||
| 908 | _aN | ||
| 909 | _a105193 | ||
| 999 |
_c105188 _d105188 |
||